000 00667nam a2200229Ia 4500
003 OSt
005 20230411161442.0
008 210423s2010 xx 000 0 und d
020 _a8122420699
040 _cAL
041 _aeng
082 _a332.644 CHAN
100 _aCHATNANI (Niti Nandini)
_986474
245 _aCommodity markets: operations instruments and applications
260 _aNew Delhi
_bTata McGraw-hill
_c2010
300 _axxvi,299
_bPB
365 _b395
_cINR
650 _aFinancial Economics
_986475
650 _aInvestment Management
_986476
906 _aapplications ; Commodity ; instruments ; markets: ; operations
942 _2ddc
_cBK
999 _c158496
_d158496